00680nam a2200181 a 450000100100000000500170001000800410002704000250006808200090009310000260010224500310012825000120015926000310017130000210020259000760022395201820029999900170048100003481720200930073925.0111020s1922 ru 000 0 spa d aDO-SdBNPbspacBNPHU aXXXX1 aRomains, Jules96033510aLucienne /cJules Romains. a92a ed. aParis :bGallimard,c1922. a250 p. ;c18 cm. aPerteneció a la biblioteca personal de Juan Isidro Jimenes Grullón. 001050718MOaGRbGRcCTd2011-10-20iLF1l0oXXXX p34817-10r2020-06-25w2020-06-25y1zPerteneció a la biblioteca personal de Juan Isidro Jimenes Grullón.ZNo se presta c34308d34308